Languages Spoken by P. V. Narasimha Rao - Statistics

General Stats
  • This quiz has been taken 43 times
  • The average score is 12 of 16
Answer Stats
Hint Languages % Correct
Others mainly spoken in India Hindi
97%
Non-Indian French
94%
Non-Indian English
91%
Non-Indian Spanish
91%
Others mainly spoken in India Bengali
82%
Non-Indian German
82%
Others mainly spoken in India Tamil
82%
Native Telugu
82%
Others mainly spoken in India Urdu
82%
Others mainly spoken in India Marathi
79%
Others mainly spoken in India Gujarati
71%
Others mainly spoken in India Kannada
71%
Non-Indian Arabic
68%
Others mainly spoken in India Odia
47%
Non-Indian Persian
38%
Others mainly spoken in India Sanskrit
38%
No matching quizzes found
Score Distribution
Percent of People with Each Score
Percentile by Number Answered
Your Score History
You have not taken this quiz